| 000 | 00746cam8a220025300 4500 | ||
|---|---|---|---|
| 001 | zam00003191 | ||
| 008 | 951128s1981 xx eng u | ||
| 035 | _a(Sirsi) r20525 | ||
| 035 | _a(MACHINE)SLC. | ||
| 100 |
_aCheshire, G. _6A81916.1 |
||
| 245 | 1 | 0 | _aLaw of contract. |
| 260 | _c1981. | ||
| 949 |
_aKD130 _wlcc _i-19271 _mMAIN _tBOOK _lON-SHELF |
||
| 949 |
_aKD130 _wlcc _i-19272 _mMAIN _tBOOK _lON-SHELF |
||
| 949 |
_aKD130 _wlcc _i-19273 _mMAIN _tBOOK _lON-SHELF |
||
| 004 | 20525 | ||
| 591 | _aClass code: L 220. | ||
| 591 | _aCourse: The law of contract. | ||
| 591 | _aSchool: S06. | ||
| 591 | _aLecturer: Mr. RYEN, J. | ||
| 591 | _aNumber of Students: 34. | ||
| 900 |
_2MAIN _8KD130 _9CHE _c3 |
||
| 909 | _aBook | ||
| 999 |
_c171183 _d171183 |
||